| 000 | 00491nam a2200133Ia 4500 | ||
|---|---|---|---|
| 008 | 160809s9999 xx 000 0 und d | ||
| 100 | _aGrebelsky-Lichtman, Tsfira. | ||
| 245 | 3 | _aAn Advanced Framework for Verbal Communication and Nonverbal Gestures in Parent–child Interactions | |
| 245 | _cTsfira Grebelsky-Lichtman | ||
| 260 | _bStudies in Media and Communication | ||
| 260 | _cJune 2016 | ||
| 650 | _xCOMMUNICATION | ||
| 856 | _uhttp://redfame.com/journal/index.php/smc/issue/view/59 | ||
| 999 |
_c299983 _d299983 |
||